Atlas of clinical gastrointestinal endoscopy / (رقم التسجيلة. 30118)

تفاصيل مارك
000 -الفاتح
حقل البيانات ثابتة الطول 01205cam a22003378a 4500
001 - رقم الضبط
رقم الضبط 16977736
003 - محدد رقم الضبط
رقم الضبط OSt
005 - وقت وتاريخ اخر تعامل مع التسجيلة
رقم الضبط 20150408114134.0
008 - عناصر البيانات ثابتة الطول - معلومات عامة
حقل البيانات ثابتة الطول 110923s2012 pau 001 0 eng
010 ## - رقم ضبط مكتبة الكونجرس
رقم ضبط مكتبة الكونجرس 2011040113
020 ## - الرقم الدولى المعيارى للكتب
الرقم الدولى المعيارى للكتاب 9781437719093 (hardcover : alk. paper)
035 ## - رقم ضبط النظام
رقم ضبط النظام (DNLM)101569933
040 ## - مصدر الفهرسة
وكالة الفهرسة الأصلية DNLM/DLC
وكالة النسخ DLC
042 ## - رمز التحقق
رمز التحقق pcc
060 10 - رقم الطلب بالمكتبة الطبية الوطنية
رقم التصنيف WI 17
082 00 - رقم تصنيف ديوى العشرى
رقم التصنيف 616.33075450022
رقم الطبعة 23
100 1# - المدخل الرئيسى - إسم شخصى
الإسم الشخصى Wilcox, C. Mel.
9 (RLIN) 36075
245 10 - بيان العنوان
العنوان Atlas of clinical gastrointestinal endoscopy /
بيان المسئوليه,etc Charles Wilcox, Miguel Munoz-Navas, Joseph J.Y. Sung.
250 ## - بيان الطبعة
بيان الطبعة 3rd ed.
260 ## - PUBLICATION, DISTRIBUTION, ETC. (IMPRINT)
مكان الناشر او الموزع Philadelphia, PA :
اسم الناشر او الموزع Elsevier Saunders,
تاريخ النشر أو التوزيع c2012.
263 ## - تاريخ النشر المتوقع
تاريخ النشر المتوقع 1204
300 ## - الوصف المادى
التعداد p. ;
أبعاد الوعاء cm.
500 ## - تبصرة عامة
تبصرة عامة Includes index.
505 0# - تبصرة محتويات-الفهرس
تبصرة المحتويات المصاغة Oropharnyx and hypopharynx -- Esophagus -- Stomach -- Duodenum and small bowel -- Colon -- Anorectum -- Hepatobiliary tract and pancreas.
650 12 - المدخل الاضافى بالموضوع-مصطلح موضوعى
مصطلح موضوعي أو اسم جغرافي كعنصر مدخل Endoscopy, Gastrointestinal
التقسيم الفرعي الشكلي Atlases.
9 (RLIN) 36076
650 22 - المدخل الاضافى بالموضوع-مصطلح موضوعى
مصطلح موضوعي أو اسم جغرافي كعنصر مدخل Gastrointestinal Diseases
التقسيم الفرعي العام pathology
التقسيم الفرعي الشكلي Atlases.
9 (RLIN) 36077
700 1# - المدخل الاضافى - اسم شخصى
الإسم الشخصى Mu�noz-Navas, Miguel.
9 (RLIN) 36078
700 1# - المدخل الاضافى - اسم شخصى
الإسم الشخصى Sung, Joseph J. Y.
الشكل الأكمل للاسم (Joseph Jao Yiu),
التواريخ المصاحبة للاسم 1959-
9 (RLIN) 36079
906 ## - عنصر بيانات محلى F, LDF (RLIN)
a 7
b cbc
c orignew
d 1
e ecip
f 20
g y-gencatlg
942 ## - عناصر المدخل الإضافي( كوها)
مصدر التصنيف او مخطط الترفيف Dewey Decimal Classification
Koha [default] item type كتاب
المقتنيات
حالة الفقد نموذج السعر الفعال حالة تلف ليس للاعارة رقم الطلب رقم النسخة تاريخ الاكتساب الموقع الحالي الباركود الفرع الرئيسي Date last seen نوع المادة فى نظام كوها مصدر التصنيف او خطة الترفيف Total Checkouts
  2013-06-20   Not For Loan 616.33075450022 WCA 1 2013-06-20 المكتبة المركزية بالمجمعة (CL) 00306783 المكتبة المركزية بالمجمعة (CL) 2013-06-20 كتاب Dewey Decimal Classification  
  2013-06-20     616.33075450022 WCA 2 2013-06-20 المكتبة المركزية بالمجمعة (CL) 00306784 المكتبة المركزية بالمجمعة (CL) 2013-06-20 كتاب Dewey Decimal Classification  
  2013-06-20     616.33075450022 WCA 3 2013-06-20 المكتبة المركزية بالمجمعة (CL) 00306785 المكتبة المركزية بالمجمعة (CL) 2013-06-20 كتاب Dewey Decimal Classification